[Event "Chess House GM December 2019"]
[Site "Aarhus"]
[Date "2019.12.14"]
[Round "4.2"]
[White "Thybo, Jesper Sondergaard"]
[Black "Smith, Axel"]
[Result "1-0"]
[WhiteElo "2576"]
[BlackElo "2470"]
[Annotator "TA"]
[PlyCount "21"]
[EventDate "2019.12.11"]
[EventType "tourn"]
[EventCountry "DEN"]
[SourceTitle "playchess.com"]
[Source "ChessBase"]
[SourceQuality "1"]

{[%evp 11,105,9,17,16,14,12,11,13,14,13,15,14,16,16,54,60,58,60,56,66,79,62,62,66,76,16,16,17,52,53,49,46,53,60,39,42,46,21,95,87,97,49,49,29,49,49,63,45,50,45,48,69,69,90,129,129,189,197,194,198,319,310,295,283,532,520,482,466,1008,1095,710,640,776,762,750,726,897,885,803,821,12822,9480,12842,12843,12843,12843,12844,12843,12844,12844,12845,12845,12845,12844,12847,12845]} 1. d4 Nf6 2. c4 e6 3. Nf3 d5 4. g3 dxc4 5. Bg2 Bb4+ 6. Bd2 a5 7. Qc2 $146 {E04: Open Catalan: 5 Nf3} (7. O-O O-O 8. Qc2 Bxd2 9. Nbxd2 b5 10. a4 c6 11. b3 cxb3 12. Nxb3 b4 13. e4 Nbd7 14. h4 h6 15. e5 {½-½ (93) Abasov,N (2632)-Piorun,K (2660) Khanty-Mansiysk 2019}) 7... Bxd2+ 8. Qxd2 c6 9. a4 {The position is equal.} Ne4 10. Qf4 Qb6 11. Nbd2 {Played: Nf3-e5} 1-0

[Event "Chess House GM December 2019"]
[Site "Aarhus"]
[Date "2019.12.14"]
[Round "4.3"]
[White "Pakleza, Zbigniew"]
[Black "Svane, Frederik"]
[Result "1/2-1/2"]
[WhiteElo "2503"]
[BlackElo "2398"]
[Annotator "TA"]
[PlyCount "82"]
[EventDate "2019.12.11"]
[EventType "tourn"]
[EventCountry "DEN"]
[SourceTitle "playchess.com"]
[Source "ChessBase"]
[SourceQuality "1"]

{[%evp 9,82,6,11,18,34,21,31,31,31,31,31,31,37,31,31,8,15,14,24,18,43,15,24,15,15,15,26,20,28,45,33,25,50,56,76,36,35,38,41,25,25,25,33,19,19,19,19,19,21,13,14,0,6,6,6,6,6,6,18,20,35,7,7,7,35,0,7,7,7,7,35,35,35,0,0]} 1. d4 Nf6 2. Nf3 g6 3. e3 Bg7 4. Be2 O-O 5. O-O d5 6. b4 {D04: Colle System} (6. b3 c5 7. Bb2 cxd4 8. Nxd4 b6 9. Nd2 Bb7 10. c4 Nbd7 11. Rc1 Rc8 12. N2f3 a6 13. cxd5 Nxd5 14. Rxc8 Qxc8 15. Qa1 Qa8 16. Rd1 {½-½ (39) Kramnik,V (2753)-Nepomniachtchi,I (2774) Amsterdam 2019}) 6... c6 7. c4 a5 $146 ({Predecessor:} 7... Ne4 8. Bb2 Be6 9. Qb3 a5 10. bxa5 dxc4 11. Bxc4 Bxc4 12. Qxc4 Qxa5 13. Nc3 Nd6 14. Qb3 {0-1 (33) Mrkonjic,N (2393)-Kryakvin,D (2603) Novi Sad 2010}) 8. b5 {White is slightly better.} cxb5 9. cxb5 Nbd7 10. Nbd2 b6 11. Bb2 Bb7 12. Ne5 Nxe5 13. dxe5 Nd7 14. f4 f6 {[%cal Rf6e5]} 15. exf6 Bxf6 16. Bxf6 exf6 17. Bf3 Nc5 18. Nb3 Qe8 19. Bxd5+ Bxd5 20. Qxd5+ {[%mdl 64] [#] Double Attack} Kh8 21. Nxc5 Qxe3+ 22. Kh1 (22. Rf2 {looks sharper.} Rfd8 23. Qc6 Qxc5 24. Qxc5 bxc5 25. Rc1) 22... Qxc5 23. Qxc5 bxc5 $14 {[%mdl 4096] Endgame KRR-KRR} 24. Rfc1 Rac8 $1 25. Rc4 Rfd8 26. h3 Rd4 27. Rac1 {[#] Black must now prevent Rxd4.} Rxc4 28. Rxc4 $11 {KR-KR} Kg7 29. b6 h5 30. Kh2 (30. Kg1 {keeps more tension.} Kf7 31. b7 Rb8 32. Rxc5 Rxb7 33. Rxa5 Ke6 34. g3) 30... Rc6 31. b7 Rb6 32. Rxc5 {And now Rc7+ would win.} Rxb7 33. Rxa5 h4 34. f5 Rb2 35. fxg6 Kxg6 36. Ra4 f5 37. Ra8 Kg5 38. a4 {[%cal Ba2a4,Ba4a5,Ba5a6][%mdl 32]} Ra2 39. a5 Ra1 40. a6 Kg6 41. Ra7 (41. a7 $5 {[%cal Ra8g8]} Kg7 42. Rd8 Rxa7 43. Rd4 $14) 41... Kh6 {Accuracy: White = 51%, Black = 63%.} 1/2-1/2

[Event "Chess House GM December 2019"]
[Site "Aarhus"]
[Date "2019.12.14"]
[Round "4.4"]
[White "Ochsner, Bjorn Moller"]
[Black "Vinter-Schou, Uffe"]
[Result "1-0"]
[WhiteElo "2492"]
[BlackElo "2359"]
[Annotator "RC"]
[PlyCount "59"]
[EventDate "2019.12.11"]
[EventType "tourn"]
[EventCountry "DEN"]
[SourceTitle "playchess.com"]
[Source "ChessBase"]
[SourceQuality "1"]
[TimeControl "40/5400+30:1800+30"]

1. e4 {[%emt 0:00:42]} c6 {[%emt 0:00:00]} 2. d4 {[%emt 0:00:10]} d5 {[%emt 0:00:00]} 3. e5 {[%emt 0:00:12]} Bf5 {[%emt 0:00:00]} 4. h4 {[%emt 0:00:10]} c5 {[%emt 0:00:14]} 5. dxc5 {[%emt 0:08:46]} Nc6 {[%emt 0:00:15]} 6. Bb5 {[%emt 0:07:45]} Qc7 {[%emt 0:01:18]} 7. Nc3 {[%emt 0:05:52]} O-O-O {[%emt 0:05:00]} 8. Bxc6 {[%emt 0:05:00]} Qxe5+ {[%emt 0:37:32]} 9. Nge2 {[%emt 0:01:16]} bxc6 {[%emt 0:00:39]} 10. Bf4 {[%emt 0:00:39]} Qf6 {[%emt 0:00:14]} 11. Qd2 {[%emt 0:01:35]} h6 {[%emt 0:04:42]} 12. O-O-O {[%emt 0:01:59]} g6 {[%emt 0:01:15]} 13. Nd4 {[%emt 0:06:27]} Bg7 {[%emt 0:03:23]} 14. Be5 {[%emt 0:09:29]} Qxe5 {[%emt 0:00:06]} 15. Nxc6 {[%emt 0:00:12]} Qc7 {[%emt 0:18:45]} 16. Nb5 {[%emt 0:01:04]} Qxc6 {[%emt 0:00:15]} 17. Nxa7+ {[%emt 0:00:06]} Kb7 {[%emt 0:00:12]} 18. Nxc6 {[%emt 0:00:24]} Kxc6 {[%emt 0:00:02]} 19. Qb4 {[%emt 0:01:42]} Nf6 {[%emt 0:02:34]} 20. Qb6+ {[%emt 0:01:45]} Kd7 {[%emt 0:00:08]} 21. c6+ {[%emt 0:02:33]} Ke8 {[%emt 0:00:02]} 22. Rhe1 {[%emt 0:09:23]} e6 {[%emt 0:00:08]} 23. a4 {[%emt 0:01:16]} h5 {[%emt 0:22:12]} 24. Qb7 {[%emt 0:01:14]} Bh6+ {[%emt 0:01:50]} 25. Kb1 {[%emt 0:00:03]} e5 {[%emt 0:00:17]} 26. Rxe5+ {[%emt 0:00:31]} Kf8 {[%emt 0:00:08]} 27. c7 {[%emt 0:00:10]} Rc8 {[%emt 0:00:23]} 28. Rxf5 {[%emt 0:00:12]} Kg7 {[%emt 0:00:05]} 29. Rxf6 {[%emt 0:00:33]} Kxf6 {[%emt 0:00:11]} 30. g3 {[%emt 0:00:24]} 1-0

[Event "Chess House GM December 2019"]
[Site "Aarhus"]
[Date "2019.12.14"]
[Round "4.5"]
[White "Danielsen, Henrik"]
[Black "Vasli, Aref"]
[Result "1-0"]
[WhiteElo "2500"]
[BlackElo "2413"]
[Annotator "TA"]
[PlyCount "57"]
[EventDate "2019.12.11"]
[EventType "tourn"]
[EventCountry "DEN"]
[SourceTitle "playchess.com"]
[Source "ChessBase"]
[SourceQuality "1"]

{[%evp 16,81,16,12,12,8,10,0,0,0,0,0,22,14,23,21,30,18,50,13,17,-16,-13,-15,0,0,21,0,0,0,240,227,226,230,222,210,445,480,473,448,635,633,1825,720,995,995,995,995,995,995,956,939,1124,1107,1086,1086,1073,1049,1145,1100,1056,932,5573,5518,5106,5089,1641,1407]} 1. Nf3 Nf6 2. g3 d5 3. Bg2 c6 4. O-O Bg4 5. d3 Nbd7 6. c4 dxc4 7. dxc4 e5 8. Nc3 Be7 9. Qc2 O-O {A11: English Opening: 1...c6} 10. Rd1 (10. h3 Bh5 11. Nh4 Nc5 12. g4 Bg6 13. Nxg6 hxg6 14. b3 Ne6 15. e3 Nd7 16. Bb2 f5 17. Rad1 {0-1 (55) Hasangatin,R (2512)-Rublevsky,S (2692) Sochi 2016}) 10... Qc7 11. b3 h6 {The position is equal.} 12. Bb2 Rfe8 13. h3 Bxf3 $146 (13... Be6 {seems wilder.} 14. e4 Nc5 15. Rac1 Bf8 16. Na4 Nfd7) ({Predecessor:} 13... Be6 14. Nh4 Nc5 15. Nf5 Bf8 16. e4 a5 17. Ne3 {0-1 (44) Radulov,I (2308)-Grigorov,G (2491) Plovdiv 2012}) 14. Bxf3 Nc5 15. e3 a5 16. Rd2 a4 17. bxa4 Qc8 18. Kg2 Qe6 19. Be2 Bf8 20. Rb1 Ra7 21. Rbd1 Raa8 22. Ba3 Nxa4 $2 {[#]} (22... e4 $11) 23. Rd6 $1 $18 {[%cal Rd6e6]} Bxd6 24. Rxd6 Qe7 {Threatens to win with ...Nxc3.} 25. Nxa4 Ne4 $2 (25... b5 {was necessary.}) 26. Qxe4 {Strongly threatening Bd3.White is clearly winning.} Rxa4 27. Bc5 {aiming for Bd3.} f5 (27... Ra5 $142 28. Bb4 Rxa2) 28. Qxf5 Rxa2 {[#]} 29. Rxh6 {Played: Rd6-d2} 1-0

[Event "Chess House GM December 2019"]
[Site "Aarhus"]
[Date "2019.12.14"]
[Round "5.1"]
[White "Smith, Axel"]
[Black "Danielsen, Henrik"]
[Result "1/2-1/2"]
[WhiteElo "2470"]
[BlackElo "2500"]
[Annotator "TA"]
[PlyCount "149"]
[EventDate "2019.12.11"]
[EventType "tourn"]
[EventCountry "DEN"]
[SourceTitle "playchess.com"]
[Source "ChessBase"]
[SourceQuality "1"]

{[%evp 10,148,60,67,64,69,59,57,56,58,67,48,49,47,34,14,20,20,23,24,25,21,31,19,26,24,24,19,25,11,23,19,23,16,32,24,39,8,7,7,2,0,31,16,19,17,71,56,52,52,59,44,47,28,47,49,47,41,42,39,42,35,28,31,30,0,0,0,0,0,0,0,0,0,0,0,0,0,0,0,0,0,0,0,0,0,0,0,0,0,0,0,0,0,0,0,0,0,0,0,0,0,0,0,0,0,0,0,0,0,0,0,0,0,0,0,0,0,0,0,0,0,0,0,0,0,0,0,0,0,0,0,0,0,0,0,0,0,0,0,0]} 1. e4 d5 2. exd5 Qxd5 3. Nc3 Qd8 4. d4 Nf6 5. Nf3 Bg4 6. h3 Bxf3 {B01: Scandinavian Defence} 7. Qxf3 c6 8. Be3 e6 {White is slightly better.} 9. Bd3 (9. O-O-O Bb4 10. Ne4 Nxe4 11. Qxe4 Qd5 12. Qxd5 cxd5 13. c4 dxc4 14. Bxc4 {1-0 (41) Dominguez Perez,L (2739)-Pichot,A (2552) chess.com INT 2018}) 9... Nbd7 {[%cal Bb8d7,Bd7f6,Bf6d5][%mdl 32]} 10. O-O Be7 11. Rad1 O-O 12. Ne4 Nxe4 13. Qxe4 {[%csl Gd3][%cal Re4h7] [#]} Nf6 14. Qh4 $146 ({Predecessor:} 14. Qf3) 14... g6 15. Qg3 Re8 16. a3 a5 17. Rfe1 Nd5 18. Bc1 b5 19. c3 Bf6 20. Qf3 Bg7 21. g3 Qd7 22. h4 b4 23. axb4 axb4 24. Be4 bxc3 25. bxc3 Ra4 26. h5 Rb8 27. h6 Bh8 (27... Bf8 $11 {keeps the balance.}) 28. Bd2 Ra3 29. Rb1 Rc8 {Black wants to play ...Bxd4.} 30. Bxd5 (30. Ra1 $5 {[%cal Ra1a3]} Rb3 31. Qd3 $16) 30... cxd5 31. Qf4 Qe7 32. Rb8 Ra8 33. Rxa8 Rxa8 34. Rb1 Rc8 35. Rb5 Qd7 36. Rb8 f5 37. g4 fxg4 {The position is equal.} 38. Rxc8+ Qxc8 39. Qxg4 Bf6 40. Bg5 Bxg5 41. Qxg5 Qxc3 $11 {[%mdl 4096] Endgame KQ-KQ} 42. Qf6 {[%csl Gh6][%cal Rf6g7]} Qc1+ 43. Kg2 {[%csl Gh6][%cal Rf6g7]} Qxh6 44. Qxe6+ {[%mdl 64] [#] Double Attack} Kf8 45. Qd6+ Ke8 46. Qe5+ Kf8 47. Qd6+ Ke8 48. Qxd5 Qh4 49. Qe5+ Kd7 50. Qd5+ Ke7 51. Qe5+ Kd7 52. Qd5+ Ke7 53. f3 Kf8 54. Qe5 Kf7 55. d5 Qe7 56. Qf4+ (56. f4 {seems wilder.} Qxe5 57. fxe5) 56... Ke8 57. Qb8+ Kd7 58. Qb5+ Kd8 59. Qb8+ Kd7 60. Qb7+ Kd8 61. Qa8+ Kd7 62. Qc6+ Kd8 63. Qa8+ Kd7 64. Qc6+ Kd8 65. d6 Qe2+ 66. Kg3 {White wants to mate with Qc7+.} Qe5+ 67. f4 Qe3+ 68. Kg4 Qg1+ 69. Kh4 {White threatens Qc7+ and mate.} Qf2+ 70. Kg5 Qg3+ 71. Kh6 Qxf4+ 72. Kxh7 Qf7+ 73. Kh6 Qf8+ 74. Kxg6 Qf6+ 75. Kxf6 {Accuracy: White = 69%, Black = 69%.} 1/2-1/2

[Event "Chess House GM December 2019"]
[Site "Aarhus"]
[Date "2019.12.14"]
[Round "5.2"]
[White "Olsen, Filip Boe"]
[Black "Thybo, Jesper Sondergaard"]
[Result "0-1"]
[WhiteElo "2341"]
[BlackElo "2576"]
[Annotator "ChessBase"]
[PlyCount "72"]
[EventDate "2019.12.11"]
[EventType "tourn"]
[EventCountry "DEN"]
[SourceTitle "playchess.com"]
[Source "ChessBase"]
[SourceQuality "1"]
[TimeControl "40/5400+30:1800+30"]

1. d4 {[%emt 0:00:00]} e6 {[%emt 0:00:00]} 2. c4 {[%emt 0:00:00]} Nf6 {[%emt 0:00:00]} 3. Nf3 {[%emt 0:00:06]} d5 {[%emt 0:00:00]} 4. g3 {[%emt 0:00:15]} dxc4 {[%emt 0:00:02]} 5. Bg2 {[%emt 0:00:12]} c6 {[%emt 0:00:06]} 6. Ne5 {[%emt 0:03:45]} Bb4+ {[%emt 0:00:16]} 7. Bd2 {[%emt 0:01:44]} Be7 {[%emt 0:00:08]} 8. e3 {[%emt 0:03:58]} b5 {[%emt 0:00:14]} 9. O-O {[%emt 0:06:45]} Bb7 {[%emt 0:25:32]} 10. b3 {[%emt 0:07:50]} cxb3 {[%emt 0:00:49]} 11. axb3 {[%emt 0:00:32]} a5 {[%emt 0:08:59]} 12. Nc3 {[%emt 0:09:44]} Qb6 {[%emt 0:00:54]} 13. Ne4 {[%emt 0:07:52]} Nxe4 {[%emt 0:08:51]} 14. Bxe4 {[%emt 0:00:16]} Nd7 {[%emt 0:00:21]} 15. Nd3 {[%emt 0:14:09]} O-O {[%emt 0:02:12]} 16. Qc2 {[%emt 0:05:44]} g6 {[%emt 0:03:32]} 17. Rfc1 {[%emt 0:05:09]} Rfc8 {[%emt 0:04:39]} 18. Qa2 {[%emt 0:10:23]} b4 {[%emt 0:10:11]} 19. Nb2 {[%emt 0:06:19]} c5 {[%emt 0:00:22]} 20. Nc4 {[%emt 0:01:53]} Qa7 {[%emt 0:00:09]} 21. Bxb7 {[%emt 0:01:26]} Qxb7 {[%emt 0:00:05]} 22. Qb2 {[%emt 0:00:45]} Qb5 {[%emt 0:07:34]} 23. e4 {[%emt 0:02:47]} cxd4 {[%emt 0:01:40]} 24. Qxd4 {[%emt 0:02:04]} Bf6 {[%emt 0:00:19]} 25. Qd6 {[%emt 0:02:25]} Ra6 {[%emt 0:02:36]} 26. Rxa5 {[%emt 0:03:21]} Rxd6 {[%emt 0:00:41]} 27. Rxb5 {[%emt 0:00:11]} Rxd2 {[%emt 0:00:04]} 28. Rxb4 {[%emt 0:02:11]} Ne5 {[%emt 0:01:35]} 29. Nxd2 {[%emt 0:01:51]} Rxc1+ {[%emt 0:00:03]} 30. Kg2 {[%emt 0:00:27]} Rc2 {[%emt 0:00:13]} 31. Rd4 {[%emt 0:00:24]} Ng4 {[%emt 0:00:35]} 32. e5 {[%emt 0:00:47]} Bxe5 {[%emt 0:01:22]} 33. Rd8+ {[%emt 0:00:21]} Kg7 {[%emt 0:00:03]} 34. h3 {[%emt 0:00:16]} Nf6 {[%emt 0:00:31]} 35. Nc4 {[%emt 0:00:54]} Bc3 {[%emt 0:01:01]} 36. Kf3 {[%emt 0:00:11]} Be1 {[%emt 0:00:58]} 0-1

[Event "Chess House GM December 2019"]
[Site "Aarhus"]
[Date "2019.12.14"]
[Round "5.3"]
[White "Vasli, Aref"]
[Black "Pakleza, Zbigniew"]
[Result "0-1"]
[WhiteElo "2413"]
[BlackElo "2503"]
[Annotator "ChessBase"]
[PlyCount "110"]
[EventDate "2019.12.11"]
[EventType "tourn"]
[EventCountry "DEN"]
[SourceTitle "playchess.com"]
[Source "ChessBase"]
[SourceQuality "1"]
[TimeControl "40/5400+30:1800+30"]

1. e4 {[%emt 0:00:00]} d6 {[%emt 0:00:00]} 2. d4 {[%emt 0:00:00]} Nf6 {[%emt 0:00:00]} 3. Nc3 {[%emt 0:00:09]} g6 {[%emt 0:00:00]} 4. f3 {[%emt 0:05:42]} c6 {[%emt 0:00:13]} 5. Be3 {[%emt 0:00:09]} Bg7 {[%emt 0:00:23]} 6. Qd2 {[%emt 0:00:10]} b5 {[%emt 0:00:06]} 7. Nge2 {[%emt 0:03:08]} O-O {[%emt 0:00:10]} 8. g4 {[%emt 0:01:22]} Re8 {[%emt 0:02:00]} 9. Ng3 {[%emt 0:02:48]} e5 {[%emt 0:01:25]} 10. dxe5 {[%emt 0:10:54]} dxe5 {[%emt 0:00:05]} 11. Bd3 {[%emt 0:01:07]} Qc7 {[%emt 0:08:34]} 12. g5 {[%emt 0:02:04]} Nfd7 {[%emt 0:00:24]} 13. h4 {[%emt 0:00:24]} b4 {[%emt 0:15:40]} 14. Na4 {[%emt 0:01:19]} c5 {[%emt 0:00:19]} 15. h5 {[%emt 0:14:37]} Nc6 {[%emt 0:08:58]} 16. hxg6 {[%emt 0:01:36]} hxg6 {[%emt 0:00:09]} 17. c3 {[%emt 0:09:57]} Qa5 {[%emt 0:12:21]} 18. Bc2 {[%emt 0:09:30]} bxc3 {[%emt 0:04:22]} 19. bxc3 {[%emt 0:00:10]} Nb6 {[%emt 0:02:18]} 20. Nxb6 {[%emt 0:02:00]} axb6 {[%emt 0:01:50]} 21. Bb3 {[%emt 0:03:15]} Be6 {[%emt 0:00:31]} 22. Bxe6 {[%emt 0:03:04]} fxe6 {[%emt 0:00:47]} 23. O-O {[%emt 0:04:02]} Red8 {[%emt 0:03:36]} 24. Qc2 {[%emt 0:02:05]} Qa4 {[%emt 0:00:33]} 25. Qxa4 {[%emt 0:02:30]} Rxa4 {[%emt 0:00:02]} 26. Rfd1 {[%emt 0:00:07]} Rxd1+ {[%emt 0:06:27]} 27. Rxd1 {[%emt 0:00:02]} Na5 {[%emt 0:00:11]} 28. Rd8+ {[%emt 0:02:04]} Bf8 {[%emt 0:05:27]} 29. Ra8 {[%emt 0:05:57]} Rxa2 {[%emt 0:07:02]} 30. Nf1 {[%emt 0:00:39]} Ra3 {[%emt 0:01:59]} 31. Bd2 {[%emt 0:05:53]} Nc4 {[%emt 0:00:49]} 32. Rxa3 {[%emt 0:00:09]} Nxa3 {[%emt 0:00:02]} 33. Ne3 {[%emt 0:00:53]} Be7 {[%emt 0:01:09]} 34. Ng4 {[%emt 0:00:41]} Nc4 {[%emt 0:00:08]} 35. Bc1 {[%emt 0:00:06]} b5 {[%emt 0:01:26]} 36. Kf1 {[%emt 0:00:08]} b4 {[%emt 0:01:14]} 37. cxb4 {[%emt 0:00:07]} cxb4 {[%emt 0:00:01]} 38. Ke2 {[%emt 0:02:32]} b3 {[%emt 0:00:34]} 39. Kd3 {[%emt 0:00:30]} b2 {[%emt 0:00:27]} 40. Bxb2 {[%emt 0:00:09]} Nxb2+ {[%emt 0:00:01]} 41. Kc2 {[%emt 0:30:12]} Nc4 {[%emt 0:34:11]} 42. Kd3 {[%emt 0:00:18]} Na5 {[%emt 0:00:30]} 43. Nxe5 {[%emt 0:00:08]} Kg7 {[%emt 0:00:38]} 44. f4 {[%emt 0:05:44]} Bd6 {[%emt 0:00:06]} 45. Nxg6 {[%emt 0:00:41]} Kxg6 {[%emt 0:00:01]} 46. f5+ {[%emt 0:00:13]} exf5 {[%emt 0:00:04]} 47. exf5+ {[%emt 0:00:06]} Kxf5 {[%emt 0:00:03]} 48. Kd4 {[%emt 0:01:50]} Bf8 {[%emt 0:00:54]} 49. Kd5 {[%emt 0:00:13]} Nb3 {[%emt 0:00:52]} 50. g6 {[%emt 0:00:42]} Bg7 {[%emt 0:00:27]} 51. Kc4 {[%emt 0:00:10]} Nd4 {[%emt 0:00:08]} 52. Kd5 {[%emt 0:00:02]} Kxg6 {[%emt 0:00:09]} 53. Ke4 {[%emt 0:00:08]} Ne6 {[%emt 0:00:25]} 54. Kf3 {[%emt 0:00:15]} Kf5 {[%emt 0:00:06]} 55. Kg3 {[%emt 0:00:34]} Nd4 {[%emt 0:00:39]} 0-1

[Event "Chess House GM December 2019"]
[Site "Aarhus"]
[Date "2019.12.14"]
[Round "5.4"]
[White "Svane, Frederik"]
[Black "Ochsner, Bjorn Moller"]
[Result "1/2-1/2"]
[WhiteElo "2398"]
[BlackElo "2492"]
[Annotator "ChessBase"]
[PlyCount "111"]
[EventDate "2019.12.11"]
[EventType "tourn"]
[EventCountry "DEN"]
[SourceTitle "playchess.com"]
[Source "ChessBase"]
[SourceQuality "1"]
[TimeControl "40/5400+30:1800+30"]

1. Nf3 {[%emt 0:00:00]} d5 {[%emt 0:01:20]} 2. g3 {[%emt 0:00:00]} Nf6 {[%emt 0:02:18]} 3. Bg2 {[%emt 0:00:03]} Bf5 {[%emt 0:02:35]} 4. O-O {[%emt 0:00:25]} e6 {[%emt 0:00:25]} 5. d3 {[%emt 0:00:13]} h6 {[%emt 0:00:36]} 6. b3 {[%emt 0:00:11]} Be7 {[%emt 0:00:53]} 7. Bb2 {[%emt 0:00:05]} O-O {[%emt 0:00:37]} 8. Nbd2 {[%emt 0:00:06]} Bh7 {[%emt 0:04:26]} 9. Re1 {[%emt 0:00:43]} a5 {[%emt 0:01:44]} 10. a4 {[%emt 0:00:08]} Nc6 {[%emt 0:11:03]} 11. e4 {[%emt 0:04:00]} Nb4 {[%emt 0:01:46]} 12. Ne5 {[%emt 0:02:27]} c6 {[%emt 0:01:57]} 13. h4 {[%emt 0:00:21]} Rc8 {[%emt 0:08:53]} 14. Rc1 {[%emt 0:01:38]} Na2 {[%emt 0:01:38]} 15. Ra1 {[%emt 0:00:04]} Nb4 {[%emt 0:00:07]} 16. Rc1 {[%emt 0:01:17]} Rc7 {[%emt 0:09:25]} 17. Qe2 {[%emt 0:03:58]} Na2 {[%emt 0:01:30]} 18. Ra1 {[%emt 0:00:09]} Nb4 {[%emt 0:00:05]} 19. Nf1 {[%emt 0:04:15]} c5 {[%emt 0:07:17]} 20. Nh2 {[%emt 0:07:23]} Nc6 {[%emt 0:04:07]} 21. exd5 {[%emt 0:14:19]} exd5 {[%emt 0:00:23]} 22. Nxc6 {[%emt 0:00:06]} bxc6 {[%emt 0:00:08]} 23. Nf3 {[%emt 0:20:59]} Bd6 {[%emt 0:00:47]} 24. Qd2 {[%emt 0:11:16]} Ra7 {[%emt 0:02:40]} 25. Ne5 {[%emt 0:07:44]} Qc7 {[%emt 0:01:15]} 26. Bh3 {[%emt 0:15:08]} Raa8 {[%emt 0:07:46]} 27. Nf3 {[%emt 0:00:32]} d4 {[%emt 0:03:15]} 28. Qe2 {[%emt 0:01:35]} Nd5 {[%emt 0:00:56]} 29. Nd2 {[%emt 0:01:40]} Rfd8 {[%emt 0:11:55]} 30. Nc4 {[%emt 0:00:11]} Bf8 {[%emt 0:00:44]} 31. Qf3 {[%emt 0:01:45]} Re8 {[%emt 0:04:56]} 32. Re2 {[%emt 0:00:10]} Rxe2 {[%emt 0:00:46]} 33. Qxe2 {[%emt 0:00:01]} Kh8 {[%emt 0:00:30]} 34. Re1 {[%emt 0:00:20]} f6 {[%emt 0:00:44]} 35. Qe6 {[%emt 0:00:53]} Rd8 {[%emt 0:01:03]} 36. Qe2 {[%emt 0:01:42]} Bg6 {[%emt 0:01:08]} 37. Bc1 {[%emt 0:01:01]} Bf7 {[%emt 0:00:48]} 38. Bd2 {[%emt 0:00:54]} Nb4 {[%emt 0:01:01]} 39. Bf4 {[%emt 0:01:13]} Qa7 {[%emt 0:00:16]} 40. h5 {[%emt 0:00:30]} Qa8 {[%emt 0:04:49]} 41. Nb6 {[%emt 0:02:36]} Qa7 {[%emt 0:04:28]} 42. Nc4 {[%emt 0:00:04]} Nd5 {[%emt 0:13:10]} 43. Bd2 {[%emt 0:00:26]} Nb4 {[%emt 0:00:51]} 44. Bf5 {[%emt 0:04:53]} Nxc2 {[%emt 0:04:03]} 45. Bxa5 {[%emt 0:02:39]} Rd5 {[%emt 0:01:04]} 46. Bb6 {[%emt 0:10:16]} Qb7 {[%emt 0:00:55]} 47. Qxc2 {[%emt 0:00:06]} Rxf5 {[%emt 0:00:10]} 48. Qe2 {[%emt 0:01:43]} Bxc4 {[%emt 0:04:03]} 49. Qe8 {[%emt 0:00:50]} Bg8 {[%emt 0:01:34]} 50. Qxf8 {[%emt 0:06:56]} Qxb6 {[%emt 0:00:56]} 51. f4 {[%emt 0:00:05]} Qxb3 {[%emt 0:03:21]} 52. Re7 {[%emt 0:00:07]} Qd1+ {[%emt 0:01:02]} 53. Kg2 {[%emt 0:01:35]} Qd2+ {[%emt 0:00:02]} 54. Kg1 {[%emt 0:00:09]} Qd1+ {[%emt 0:01:18]} 55. Kg2 {[%emt 0:00:05]} Qd2+ {[%emt 0:00:36]} 56. Kg1 {[%emt 0:00:07]} 1/2-1/2